000 01712nam a2200241Ia 4500
999 _c51788
_d51788
001 18780
003 GE_BSU
005 20210413132304.0
008 181216s2014||||ge |||||||||||||| ||geo||
040 _cGE_BSU
041 _ageo
080 _a61 პ-44
100 _aპლიასუნოვა, მარიამ
_911283
245 _aადგილობრივი საანესტეზიო საშუალებები პირის ღრუში გამოწვეული სისხლის მიმოქცევის ცვლილებების შესაძლო მექანიზმების ანალიზი /
_cმარიამ პლიასუნოვა; სამეცნიერო ხელმძღვანელი გურამ ბექაია; თბილისის სახ-ლო სამედიცინო უნ-ტი.
264 _aთბილისი,
_c2014.
300 _a133 გვ. ;
_b30 სმ.
653 _aადგილობრივი საანესტეზიო საშუალებები პირის ღრუში გამოწვეული სისხლის მიმოქცევის ცვლილებების შესაძლო მექანიზმების ანალიზი
653 _aდისერტაცია
653 _aმედიცინა
700 _aბექაია, გურამ
_eსამეცნიერო ხელმძღვანელი
_91690
710 _aთბილისის სახელმწიფო სამედიცინო უნ-ტი
_911284
942 _cBK
_2udc